00861nam a22002531a 4500001000800000005001700008008004100025035000300066035000300069035002300072035000300095035001800098040002500116100001800141245013100159260006300290300002700353500004100380504004100421650004300462650003400505650002300539650004500562663379220110718125655.0830126s1981 my a b 000 0 eng d   a(OCoLC)ocm09164967  a(WHEdb)220586 aBZMcBZMdICWdWHEdb1 aTan, Kim-Sai.14aThe great digression : world evangelism since 1910 : the ecumenical digression and the evangelical response /cby Kim-Sai Tan. aPetaling Jaya, Malaysia :bMalaysia Bible Seminary,c1981. a183 p. : ill. ; 21 cm. aIncludes bibliographical references. aIncludes bibliographical references. 0aEvangelicalismxHistoryy20th century. 0aEcumenical movementxHistory. 0aEvangelistic work. 0aMissionsxTheoryxHistoryy20th century.